| 000 | 00360nam a2200133Ia 4500 | ||
|---|---|---|---|
| 008 | 191201s2009 xx 000 0 und d | ||
| 082 |
_a005.26 _bBRI |
||
| 100 | _aBREY, Barry B | ||
| 245 | 4 | _aThe Intel Microprocessors Architecture, Programming, and Interfacing | |
| 260 |
_aN.Delhi _bPearson _c2009 |
||
| 300 | _a926 | ||
| 650 | _aB.Tech(ECE) | ||
| 942 |
_2ddc _cBK |
||
| 999 |
_c3971 _d3971 |
||